Loading...
| Fine Arts - Classical Music | 0 | 9 | 1 | 1 | 85 | 89 | 114.33 | 0 | 2 | 0.00 | 0.00 |
| Literature - British | 0 | 6 | 0 | 2 | 60 | 108 | 129.67 | 0 | 0 | 0.00 | 0.00 |
| Fine Arts - Other | 0 | 6 | 2 | 0 | 50 | 87 | 113.67 | 0 | 1 | 0.00 | 0.00 |
| History - European | 0 | 5 | 0 | 4 | 50 | 93 | 123.60 | 0 | 0 | 0.00 | 0.00 |
| Science - Chemistry | 0 | 5 | 1 | 2 | 45 | 68 | 103.60 | 0 | 0 | 0.00 | 0.00 |
| Literature - European | 0 | 5 | 1 | 0 | 45 | 74 | 88.00 | 1 | 1 | 0.00 | 0.00 |
| Painting & Sculpture | 0 | 4 | 0 | 0 | 40 | 60 | 84.75 | 1 | 2 | 0.00 | 0.00 |
| Philosophy | 0 | 3 | 0 | 1 | 30 | 102 | 124.33 | 0 | 1 | 0.00 | 0.00 |
| Literature - World | 0 | 3 | 0 | 0 | 30 | 82 | 117.67 | 0 | 0 | 0.00 | 0.00 |
| Literature - American | 0 | 3 | 1 | 1 | 25 | 87 | 110.67 | 0 | 0 | 0.00 | 0.00 |
| History - World | 0 | 2 | 1 | 2 | 15 | 137 | 141.50 | 0 | 0 | 0.00 | 0.00 |
| Religion | 0 | 3 | 3 | 0 | 15 | 56 | 77.67 | 0 | 1 | 0.00 | 0.00 |
| Mythology | 0 | 2 | 1 | 0 | 15 | 46 | 68.00 | 0 | 1 | 0.00 | 0.00 |
| Social Science | 0 | 2 | 2 | 2 | 10 | 127 | 128.00 | 0 | 0 | 0.00 | 0.00 |
| Geography | 0 | 1 | 0 | 0 | 10 | 146 | 146.00 | 0 | 0 | 0.00 | 0.00 |
| History - American | 0 | 2 | 2 | 1 | 10 | 107 | 120.50 | 0 | 0 | 0.00 | 0.00 |
| Science - Biology | 0 | 1 | 1 | 0 | 5 | 70 | 70.00 | 0 | 0 | 0.00 | 0.00 |
| Science - Other | 0 | 1 | 1 | 1 | 5 | 139 | 139.00 | 0 | 0 | 0.00 | 0.00 |
| Any History | 0 | 1 | 2 | 0 | 0 | 110 | 110.00 | 0 | 0 | 0.00 | 0.00 |